000 00494nam a2200181Ia 4500
001 10374
005 20260306161827.0
008 260306t2003||||xx |||||||||||||| ||spa||
041 _aESP
082 _a922
_bR76
100 _aRodríguez Delgado, Rómulo
_eAUT
245 0 _aAutobiografía histórica Rómulo Rodríguez Delgado:
_breligioso mercedario años 1933-2003
260 _c2003
300 _a277 páginas :
_c20 cm.
650 _aGEN
654 _aCHU
942 _cLIB
_dJUS
_fJUS
_2ddc
_n
999 _c10374
_d10374